[Event "DM G7 grp1 2024"]
[Site "Svendborg"]
[Date "2024.03.30"]
[Round "5"]
[White "Loveid, Erik"]
[Black "Boje, Tobias Rosholm"]
[Result "1/2-1/2"]
[WhiteElo "1975"]
[BlackElo "2018"]
[WhiteFideId "1520067"]
[BlackFideId "1413643"]
[PlyCount "87"]
[EventDate "2024.04.26"]
[EventType "swiss"]
[EventRounds "7"]
[EventCountry "DEN"]
[SourceTitle "Live v. Kasper Jerwiarz"]

1. d4 d5 2. c4 e6 3. Nc3 Nf6 4. cxd5 exd5 5. Bg5 Nbd7 
6. e3 Be7 7. Bd3 c6 8. Qc2 O-O 9. Nge2 Re8 10. O-O Nf8 
11. Rad1 Ng4 12. Bxe7 Qxe7 13. h3 Nf6 14. Na4 Ne6 15. Nc5 Ng5 
16. Bf5 Bxf5 17. Qxf5 Nge4 18. Nxe4 Nxe4 19. Nc3 g6 20. Qf4 Nxc3 
21. bxc3 Qa3 22. Rb1 Re7 23. Rb3 Qxa2 24. Rfb1 b5 25. Qd6 Re6 
26. Qc5 Qc2 27. R3b2 Qd3 28. Ra1 a5 29. Rba2 a4 30. Qb4 Rae8 
31. Qc5 Qf5 32. Rd1 Qg5 33. c4 Qh5 34. Rad2 bxc4 35. Ra1 Ra8 
36. Qb4 Qf5 37. Rxa4 Rxa4 38. Qxa4 Qb1+ 39. Kh2 Qb8+ 40. Kg1 Qb5 
41. Qa1 Qb7 42. Rb2 Qc8 43. Qa7 Re8 44. Rb7 1/2-1/2

[Event "DM G7 grp1 2024"]
[Site "Svendborg"]
[Date "2024.03.30"]
[Round "5"]
[White "Ramsdal, Mikkel"]
[Black "Leonhardsen, Vebjorn Maanum"]
[Result "1/2-1/2"]
[WhiteElo "1882"]
[BlackElo "1950"]
[WhiteFideId "1438484"]
[BlackFideId "1539515"]
[PlyCount "53"]
[EventDate "2024.04.26"]
[EventType "swiss"]
[EventRounds "7"]
[EventCountry "DEN"]
[SourceTitle "Live v. Kasper Jerwiarz"]

1. d4 d5 2. c4 c6 3. cxd5 cxd5 4. Nc3 Nf6 5. Bf4 Nc6 
6. e3 a6 7. Bd3 Bg4 8. Nge2 e6 9. O-O Bd6 10. Bxd6 Qxd6 
11. Rc1 O-O 12. Na4 b5 13. Nc5 e5 14. dxe5 Nxe5 15. f3 Rfc8 
16. b4 Be6 17. Nd4 Nc6 18. Nxc6 Rxc6 19. Rf2 Rac8 20. Rfc2 g6 
21. Qd2 Nd7 22. Nxd7 Bxd7 23. Rxc6 Rxc6 24. Rxc6 Bxc6 25. Qc3 Qe6 
26. Qd4 Qd6 27. Qc3 1/2-1/2

[Event "DM G7 grp1 2024"]
[Site "Svendborg"]
[Date "2024.03.30"]
[Round "5"]
[White "Jensen, Soren"]
[Black "Ringsmose, Christian"]
[Result "1-0"]
[WhiteElo "1945"]
[BlackElo "1980"]
[WhiteFideId "1421204"]
[BlackFideId "1451669"]
[PlyCount "43"]
[EventDate "2024.04.26"]
[EventType "swiss"]
[EventRounds "7"]
[EventCountry "DEN"]
[SourceTitle "Live v. Kasper Jerwiarz"]

1. e4 c6 2. d4 d5 3. f3 Qb6 4. Ne2 dxe4 5. fxe4 e5 
6. Nbc3 Nf6 7. h3 exd4 8. Nxd4 Bd6 9. Nf5 Bxf5 10. Qxd6 Be6 
11. e5 Nbd7 12. exf6 O-O-O 13. Bf4 gxf6 14. O-O-O Ne5 15. Qa3 Qf2 
16. g3 Bf5 17. Qa4 Rxd1+ 18. Nxd1 Qf3 19. Rg1 Rd8 20. Bg2 Qe2 
21. Ne3 Rd2 22. Nxf5 1-0

[Event "DM G7 grp1 2024"]
[Site "Svendborg"]
[Date "2024.03.30"]
[Round "5"]
[White "Christensen, Michael"]
[Black "Poulsen, Peter Risgaard"]
[Result "0-1"]
[WhiteElo "1899"]
[BlackElo "1927"]
[WhiteFideId "1463667"]
[BlackFideId "1407333"]
[PlyCount "42"]
[EventDate "2024.04.26"]
[EventType "swiss"]
[EventRounds "7"]
[EventCountry "DEN"]
[SourceTitle "Live v. Kasper Jerwiarz"]

1. e4 c6 2. d4 d5 3. e5 Bf5 4. f4 e6 5. Nf3 c5 
6. Bb5+ Nc6 7. O-O a6 8. Bxc6+ bxc6 9. b3 cxd4 10. Nxd4 Qb6 
11. Kh1 Nh6 12. Be3 c5 13. Nxf5 Nxf5 14. Bg1 h5 15. Qf3 h4 
16. c4 O-O-O 17. cxd5 exd5 18. Nc3 Ng3+ 19. hxg3 hxg3+ 20. Bh2 Rxh2+ 
21. Kg1 Rh1+ 0-1

[Event "DM G7 grp1 2024"]
[Site "Svendborg"]
[Date "2024.03.30"]
[Round "5"]
[White "Hollesen, Kurt"]
[Black "Jensen, Morten Frank"]
[Result "1/2-1/2"]
[WhiteElo "1947"]
[BlackElo "1999"]
[WhiteFideId "1406817"]
[BlackFideId "1407325"]
[PlyCount "55"]
[EventDate "2024.04.26"]
[EventType "swiss"]
[EventRounds "7"]
[EventCountry "DEN"]
[SourceTitle "Live v. Kasper Jerwiarz"]

1. e4 g6 2. c4 Bg7 3. Nc3 c5 4. g3 d6 5. Bg2 Nc6 
6. d3 e6 7. Nge2 Nge7 8. O-O O-O 9. f4 Nd4 10. g4 f5 
11. exf5 gxf5 12. g5 Nec6 13. Ng3 Rb8 14. h4 b6 15. Kh2 Bb7 
16. Rb1 Ne7 17. Nce2 Bxg2 18. Kxg2 Nec6 19. Nxd4 Nxd4 20. Ne2 Nc6 
21. b3 Qe8 22. Bb2 Nd4 23. Nxd4 Bxd4 24. Qf3 Qd7 25. Bxd4 cxd4 
26. Rbe1 Rfe8 27. Re2 Qb7 28. Rfe1 1/2-1/2

[Event "DM G7 grp1 2024"]
[Site "Svendborg"]
[Date "2024.03.30"]
[Round "5"]
[White "Nykjaer, Jess"]
[Black "Bekmukhanov, Sauran"]
[Result "0-1"]
[WhiteElo "1990"]
[BlackElo "1862"]
[WhiteFideId "1427288"]
[BlackFideId "1472844"]
[PlyCount "119"]
[EventDate "2024.04.26"]
[EventType "swiss"]
[EventRounds "7"]
[EventCountry "DEN"]
[SourceTitle "Live v. Kasper Jerwiarz"]

1. e4 e5 2. Bc4 Nf6 3. d3 d5 4. exd5 Nxd5 5. Qf3 Be6 
6. Ne2 c6 7. O-O Nd7 8. Bb3 N7f6 9. Nbc3 Be7 10. Ne4 Bg4 
11. Nxf6+ Nxf6 12. Qe3 O-O 13. Qxe5 Bd6 14. Qg5 Bxe2 15. Re1 Re8 
16. Bf4 Bh5 17. Rxe8+ Qxe8 18. Bxd6 h6 19. Qf5 Qe2 20. h3 Rd8 
21. Bb4 Nd5 22. Bc3 Bg6 23. Qe5 Nxc3 24. Qxc3 Re8 25. Qd4 h5 
26. Qxa7 Re7 27. Qb8+ Kh7 28. Qf4 b5 29. a4 bxa4 30. Qxa4 c5 
31. Qf4 Bxd3 32. Rc1 c4 33. Ba4 Bg6 34. Qf3 Qd2 35. Rf1 Qa5 
36. Ra1 Ra7 37. Qd1 Qe5 38. Qc1 c3 39. b3 Ra5 40. Qe3 Qxe3 
41. fxe3 Rd5 42. b4 Rd2 43. b5 Be4 44. Bb3 Rxg2+ 45. Kf1 Rh2 
46. Ra2 Rxh3 47. Kf2 Rf3+ 48. Ke2 Rf5 49. Bc4 Rc5 50. Bd3 Bxd3+ 
51. Kxd3 Rxb5 52. Kxc3 h4 53. Kd4 g5 54. c4 Rb8 55. c5 Kg6 
56. Ke5 Re8+ 57. Kd4 g4 58. c6 h3 59. c7 g3 60. e4 0-1

[Event "DM G7 grp1 2024"]
[Site "Svendborg"]
[Date "2024.03.30"]
[Round "5"]
[White "Bruntse, Kathrine Lindegaard"]
[Black "Ambirk, Jan"]
[Result "1/2-1/2"]
[WhiteElo "1873"]
[BlackElo "1829"]
[WhiteFideId "1472283"]
[BlackFideId "1428403"]
[PlyCount "30"]
[EventDate "2024.04.26"]
[EventType "swiss"]
[EventRounds "7"]
[EventCountry "DEN"]
[SourceTitle "Live v. Kasper Jerwiarz"]

1. d4 f5 2. c4 Nf6 3. g3 e6 4. Bg2 d6 5. Nf3 Be7 
6. O-O O-O 7. Nc3 Ne4 8. Qc2 Nxc3 9. Qxc3 Bf6 10. Qd3 e5 
11. e4 fxe4 12. Qxe4 Nc6 13. dxe5 Nxe5 14. Nxe5 Bxe5 15. Qe2 Rb8 
1/2-1/2

[Event "DM G7 grp1 2024"]
[Site "Svendborg"]
[Date "2024.03.30"]
[Round "5"]
[White "Rasmussen, Johnny Koust"]
[Black "Kokholm, Daniel"]
[Result "1-0"]
[WhiteElo "1909"]
[BlackElo "1906"]
[WhiteFideId "1422383"]
[BlackFideId "1407155"]
[PlyCount "35"]
[EventDate "2024.04.26"]
[EventType "swiss"]
[EventRounds "7"]
[EventCountry "DEN"]
[SourceTitle "Live v. Kasper Jerwiarz"]

1. e4 d6 2. d4 Nf6 3. Nc3 e5 4. Nf3 Nbd7 5. Bc4 Be7 
6. a4 a5 7. Ng5 O-O 8. Bxf7+ Rxf7 9. Ne6 Qe8 10. Nxc7 Qd8 
11. Nxa8 b6 12. Nb5 Ne8 13. dxe5 Nxe5 14. Qd4 Nd7 15. Be3 Nc5 
16. e5 Bb7 17. Nxb6 Qxb6 18. exd6 1-0

[Event "DM G7 grp1 2024"]
[Site "Svendborg"]
[Date "2024.03.31"]
[Round "6"]
[White "Paludan, Noah"]
[Black "Ostergreen Johansen, Benjamin"]
[Result "1/2-1/2"]
[WhiteElo "1922"]
[BlackElo "1981"]
[WhiteFideId "1474987"]
[BlackFideId "1476742"]
[PlyCount "62"]
[EventDate "2024.04.26"]
[EventType "swiss"]
[EventRounds "7"]
[EventCountry "DEN"]
[SourceTitle "Live v. Kasper Jerwiarz"]

1. e4 e5 2. Nf3 Nc6 3. Bc4 Bc5 4. b4 Bxb4 5. c3 Ba5 
6. d4 d6 7. Qb3 Qd7 8. O-O Bb6 9. Nbd2 Na5 10. Qc2 Nxc4 
11. Nxc4 Qc6 12. Nxb6 axb6 13. dxe5 Ne7 14. exd6 cxd6 15. Nd4 Qc4 
16. Bf4 d5 17. Bd6 Nc6 18. Rfd1 dxe4 19. Qxe4+ Be6 20. Qh4 f6 
21. Qh5+ g6 22. Qf3 Kf7 23. Nxe6 Qxe6 24. Bc7 Rhe8 25. h3 Rxa2 
26. Rxa2 Qxa2 27. Rd7+ Re7 28. Rxe7+ Nxe7 29. Qxb7 Qa1+ 30. Kh2 Qxc3 
31. Bd6 Qe1 1/2-1/2

[Event "DM G7 grp1 2024"]
[Site "Svendborg"]
[Date "2024.03.31"]
[Round "6"]
[White "Jensen, Soren"]
[Black "Derlich, Sarah Sima"]
[Result "1-0"]
[WhiteElo "1945"]
[BlackElo "1864"]
[WhiteFideId "1421204"]
[BlackFideId "1469290"]
[PlyCount "43"]
[EventDate "2024.04.26"]
[EventType "swiss"]
[EventRounds "7"]
[EventCountry "DEN"]
[SourceTitle "Live v. Kasper Jerwiarz"]

1. e4 c6 2. d4 d5 3. Nc3 dxe4 4. Bc4 Nf6 5. f3 exf3 
6. Nxf3 e6 7. O-O Be7 8. Qe1 O-O 9. Bd3 Nbd7 10. Qh4 Re8 
11. Ne5 Nf8 12. Bg5 Bd7 13. Rf3 Ng6 14. Bxg6 hxg6 15. Raf1 Bc8 
16. Ne2 c5 17. c3 Bd7 18. Nxf7 Kxf7 19. Bxf6 Bxf6 20. Rxf6+ gxf6 
21. Qh7+ Kf8 22. Nf4 1-0

[Event "DM G7 grp1 2024"]
[Site "Svendborg"]
[Date "2024.03.31"]
[Round "6"]
[White "Boje, Tobias Rosholm"]
[Black "Ramsdal, Mikkel"]
[Result "1-0"]
[WhiteElo "2018"]
[BlackElo "1882"]
[WhiteFideId "1413643"]
[BlackFideId "1438484"]
[PlyCount "71"]
[EventDate "2024.04.26"]
[EventType "swiss"]
[EventRounds "7"]
[EventCountry "DEN"]
[SourceTitle "Live v. Kasper Jerwiarz"]

1. e4 c5 2. Nc3 d6 3. g3 g6 4. Bg2 Bg7 5. d3 e6 
6. Be3 Nc6 7. Qd2 Nge7 8. Bh6 O-O 9. h4 Ne5 10. Bxg7 Kxg7 
11. h5 Ng8 12. O-O-O Bd7 13. d4 cxd4 14. Qxd4 Qg5+ 15. Kb1 Nf6 
16. f4 Qxg3 17. fxe5 dxe5 18. Qd2 Bc6 19. Rh3 Qf4 20. h6+ Kg8 
21. Qe2 Rad8 22. Rf1 Qg5 23. Nf3 Qf4 24. Rh4 Qg3 25. Rfh1 Ng4 
26. R1h3 Qf4 27. Ne1 Qd2 28. Qxd2 Rxd2 29. Rxg4 Rfd8 30. Rd3 R8xd3 
31. cxd3 b5 32. Kc1 Rf2 33. Rg3 b4 34. Nd1 Rf6 35. Rf3 Rxf3 
36. Nxf3 1-0

[Event "DM G7 grp1 2024"]
[Site "Svendborg"]
[Date "2024.03.31"]
[Round "6"]
[White "Poulsen, Peter Risgaard"]
[Black "Loveid, Erik"]
[Result "0-1"]
[WhiteElo "1927"]
[BlackElo "1975"]
[WhiteFideId "1407333"]
[BlackFideId "1520067"]
[PlyCount "82"]
[EventDate "2024.04.26"]
[EventType "swiss"]
[EventRounds "7"]
[EventCountry "DEN"]
[SourceTitle "Live v. Kasper Jerwiarz"]

1. d4 e6 2. Nf3 Nf6 3. e3 b6 4. b3 Bb7 5. Bb2 Be7 
6. Bd3 d5 7. O-O O-O 8. Ne5 Nbd7 9. Qf3 Ne4 10. Qh3 f5 
11. f3 Nxe5 12. dxe5 Ng5 13. Qg3 Bc5 14. f4 Ne4 15. Qe1 a5 
16. Bxe4 fxe4 17. Bd4 Be7 18. Nd2 c5 19. Bb2 a4 20. a3 axb3 
21. Nxb3 Ba6 22. Rf2 Qe8 23. Qd1 Qg6 24. g4 d4 25. Rg2 dxe3 
26. Qd7 Qf7 27. f5 Bh4 28. Qxf7+ Rxf7 29. Nc1 Rd8 30. Ne2 Bf2+ 
31. Rxf2 exf2+ 32. Kxf2 Rd2 33. Re1 Rxc2 34. Ba1 exf5 35. e6 Rf8 
36. gxf5 Rxf5+ 37. Ke3 Rxe2+ 38. Rxe2 Bxe2 39. Kxe2 Rf6 40. Bxf6 gxf6 
41. Ke3 f5 0-1

[Event "DM G7 grp1 2024"]
[Site "Svendborg"]
[Date "2024.03.31"]
[Round "6"]
[White "Leonhardsen, Vebjorn Maanum"]
[Black "Bekmukhanov, Sauran"]
[Result "1/2-1/2"]
[WhiteElo "1950"]
[BlackElo "1862"]
[WhiteFideId "1539515"]
[BlackFideId "1472844"]
[PlyCount "85"]
[EventDate "2024.04.26"]
[EventType "swiss"]
[EventRounds "7"]
[EventCountry "DEN"]
[SourceTitle "Live v. Kasper Jerwiarz"]

1. c4 c5 2. Nf3 Nf6 3. d4 e6 4. d5 d6 5. Nc3 exd5 
6. cxd5 Bg4 7. e4 Nbd7 8. Be2 g6 9. Bg5 Bg7 10. O-O O-O 
11. a4 a6 12. a5 Re8 13. Qc2 Qc7 14. h3 Bxf3 15. Bxf3 Ne5 
16. Be2 b5 17. axb6 Qxb6 18. f4 Ned7 19. f5 c4+ 20. Kh1 Rac8 
21. fxg6 hxg6 22. Ra4 Qd4 23. Rd1 Qe5 24. Bxf6 Nxf6 25. Bxc4 Nh5 
26. Ne2 Qxb2 27. Qxb2 Bxb2 28. Bd3 Nf6 29. Rb1 Rb8 30. g4 Nd7 
31. Ra2 Nc5 32. Bxa6 Nxa6 33. Raxb2 Rxb2 34. Rxb2 Nc5 35. Ng3 Nxe4 
36. Nxe4 Rxe4 37. Rb6 Kf8 38. Rxd6 Rd4 39. Kg2 Ke7 40. Ra6 Rxd5 
41. Ra1 Kf6 42. Rf1+ Kg7 43. h4 1/2-1/2

[Event "DM G7 grp1 2024"]
[Site "Svendborg"]
[Date "2024.03.31"]
[Round "6"]
[White "Jensen, Morten Frank"]
[Black "Haarh, Simon Bjork"]
[Result "0-1"]
[WhiteElo "1999"]
[BlackElo "2003"]
[WhiteFideId "1407325"]
[BlackFideId "1470515"]
[PlyCount "56"]
[EventDate "2024.04.26"]
[EventType "swiss"]
[EventRounds "7"]
[EventCountry "DEN"]
[SourceTitle "Live v. Kasper Jerwiarz"]

1. e4 c5 2. Na3 Nc6 3. Bb5 Qc7 4. Bxc6 Qxc6 5. d3 g6 
6. c3 Bg7 7. f4 d6 8. Nf3 Nf6 9. O-O O-O 10. Nc2 b5 
11. Qe1 Bb7 12. Qh4 Qd7 13. Ne3 c4 14. e5 Nd5 15. d4 Nxe3 
16. Bxe3 f6 17. Rad1 Qf5 18. a3 a5 19. Bd2 Rad8 20. Qe1 dxe5 
21. fxe5 fxe5 22. dxe5 Rd3 23. Be3 Bxf3 24. Rxf3 Qxe5 25. Rxf8+ Bxf8 
26. Rxd3 cxd3 27. Bd2 Qxe1+ 28. Bxe1 Bh6 0-1

[Event "DM G7 grp1 2024"]
[Site "Svendborg"]
[Date "2024.03.31"]
[Round "6"]
[White "Ambirk, Jan"]
[Black "Christensen, Michael"]
[Result "1-0"]
[WhiteElo "1829"]
[BlackElo "1899"]
[WhiteFideId "1428403"]
[BlackFideId "1463667"]
[PlyCount "53"]
[EventDate "2024.04.26"]
[EventType "swiss"]
[EventRounds "7"]
[EventCountry "DEN"]
[SourceTitle "Live v. Kasper Jerwiarz"]

1. c4 Nf6 2. Nc3 g6 3. g3 Bg7 4. Bg2 O-O 5. e4 e5 
6. Nge2 d6 7. O-O Be6 8. d3 c6 9. h3 Ne8 10. Be3 f5 
11. Qd2 Qd7 12. Kh2 Qf7 13. exf5 Bxf5 14. Ne4 Bxe4 15. Bxe4 Nf6 
16. Nc3 Re8 17. f4 Nbd7 18. f5 Nxe4 19. Nxe4 Qe7 20. fxg6 hxg6 
21. Bg5 Qe6 22. Bh6 Nf6 23. Bxg7 Nxe4 24. Qh6 Nf6 25. Bxf6 Re7 
26. Qh8+ Kf7 27. Bxe5+ 1-0

[Event "DM G7 grp1 2024"]
[Site "Svendborg"]
[Date "2024.03.31"]
[Round "6"]
[White "Rasmussen, Johnny Koust"]
[Black "Hollesen, Kurt"]
[Result "0-1"]
[WhiteElo "1909"]
[BlackElo "1947"]
[WhiteFideId "1422383"]
[BlackFideId "1406817"]
[PlyCount "66"]
[EventDate "2024.04.26"]
[EventType "swiss"]
[EventRounds "7"]
[EventCountry "DEN"]
[SourceTitle "Live v. Kasper Jerwiarz"]

1. e4 c5 2. Nc3 Nc6 3. g3 d6 4. Bg2 e5 5. d3 g6 
6. f4 Bg7 7. Nf3 Nge7 8. O-O h6 9. h3 Be6 10. Ne2 Qd7 
11. Kh2 d5 12. c3 Rd8 13. Qe1 dxe4 14. dxe4 Bc4 15. Be3 b6 
16. Nd2 Ba6 17. Rf2 O-O 18. Ng1 f5 19. Ngf3 Bd3 20. Nxe5 Nxe5 
21. fxe5 Qe6 22. Qc1 Qxe5 23. Bf4 Qe6 24. exf5 Nxf5 25. Qe1 Qd7 
26. Nf3 g5 27. Bd2 Qc7 28. Rf1 Bxf1 29. Bxf1 Rd7 30. Bc4+ Kh8 
31. Qf2 Nxg3 32. Qxg3 Rxd2+ 33. Nxd2 Rf2+ 0-1

[Event "DM G7 grp1 2024"]
[Site "Svendborg"]
[Date "2024.03.31"]
[Round "6"]
[White "Ringsmose, Christian"]
[Black "Kokholm, Daniel"]
[Result "0-1"]
[WhiteElo "1980"]
[BlackElo "1906"]
[WhiteFideId "1451669"]
[BlackFideId "1407155"]
[PlyCount "74"]
[EventDate "2024.04.26"]
[EventType "swiss"]
[EventRounds "7"]
[EventCountry "DEN"]
[SourceTitle "Live v. Kasper Jerwiarz"]

1. e4 d6 2. d4 Nf6 3. Nc3 e5 4. Nf3 Nbd7 5. Bc4 h6 
6. a4 Be7 7. h3 a5 8. Be3 c6 9. O-O Qc7 10. Qe2 g5 
11. Rad1 Nf8 12. dxe5 dxe5 13. Nh2 Ng6 14. Kh1 Nf4 15. Qd2 Bd7 
16. f3 Rg8 17. Qf2 Qc8 18. Ng4 Bxg4 19. fxg4 h5 20. Bc5 Qc7 
21. Bxe7 Qxe7 22. g3 hxg4 23. gxf4 gxf4 24. Rd3 Rh8 25. Ne2 Nxe4 
26. Qg2 f5 27. Nxf4 exf4 28. Rxf4 Qe5 29. Rff3 Ke7 30. Rfe3 Qf4 
31. Rf3 Qe5 32. Rfe3 Rh6 33. Rb3 Rb8 34. Be2 Qf4 35. Bxg4 Rg8 
36. Rxb7+ Kf6 37. Qe2 Rxg4 0-1

[Event "DM G7 grp1 2024"]
[Site "Svendborg"]
[Date "2024.03.31"]
[Round "6"]
[White "Bruntse, Kathrine Lindegaard"]
[Black "Nykjaer, Jess"]
[Result "1/2-1/2"]
[WhiteElo "1873"]
[BlackElo "1990"]
[WhiteFideId "1472283"]
[BlackFideId "1427288"]
[PlyCount "47"]
[EventDate "2024.04.26"]
[EventType "swiss"]
[EventRounds "7"]
[EventCountry "DEN"]
[SourceTitle "Live v. Kasper Jerwiarz"]

1. d4 d5 2. c4 e6 3. Nf3 Nf6 4. Nc3 c6 5. e3 Be7 
6. Be2 O-O 7. O-O b6 8. b3 Bb7 9. Bb2 c5 10. Bd3 Nbd7 
11. Re1 Ne4 12. Nd2 f5 13. f3 Nxc3 14. Bxc3 Bf6 15. f4 g6 
16. Nf3 Qe7 17. Rc1 Bg7 18. Ba1 Rac8 19. Qe2 Nf6 20. Red1 Ne4 
21. Bxe4 fxe4 22. Ne5 Bxe5 23. fxe5 Rf5 24. Rf1 1/2-1/2

[Event "DM G7 grp1 2024"]
[Site "Svendborg"]
[Date "2024.04.01"]
[Round "7"]
[White "Ostergreen Johansen, Benjamin"]
[Black "Jensen, Soren"]
[Result "1/2-1/2"]
[WhiteElo "1981"]
[BlackElo "1945"]
[WhiteFideId "1476742"]
[BlackFideId "1421204"]
[PlyCount "39"]
[EventDate "2024.04.26"]
[EventType "swiss"]
[EventRounds "7"]
[EventCountry "DEN"]
[SourceTitle "Live v. Kasper Jerwiarz"]

1. e4 a6 2. d4 e6 3. Nf3 b5 4. a4 Bb7 5. Nbd2 b4 
6. Bd3 c5 7. c3 d5 8. exd5 Bxd5 9. O-O bxc3 10. bxc3 Nf6 
11. Ba3 Nbd7 12. Qe2 cxd4 13. Bxf8 Kxf8 14. cxd4 a5 15. Ne5 g6 
16. Rfb1 Kg7 17. Bc4 Qc7 18. Bxd5 Nxd5 19. Rc1 Qd6 20. Ndc4 1/2-1/2

[Event "DM G7 grp1 2024"]
[Site "Svendborg"]
[Date "2024.04.01"]
[Round "7"]
[White "Derlich, Sarah Sima"]
[Black "Boje, Tobias Rosholm"]
[Result "1/2-1/2"]
[WhiteElo "1864"]
[BlackElo "2018"]
[WhiteFideId "1469290"]
[BlackFideId "1413643"]
[PlyCount "122"]
[EventDate "2024.04.26"]
[EventType "swiss"]
[EventRounds "7"]
[EventCountry "DEN"]
[SourceTitle "Live v. Kasper Jerwiarz"]

1. e4 c6 2. d4 d5 3. exd5 cxd5 4. Bd3 Nc6 5. c3 Nf6 
6. Bf4 Bg4 7. Qb3 Qd7 8. Nd2 e6 9. Ngf3 Bd6 10. Bxd6 Qxd6 
11. O-O O-O 12. Rae1 Bxf3 13. Nxf3 Qc7 14. Ne5 Nxe5 15. Rxe5 Rab8 
16. f4 b5 17. a3 Rb6 18. Rf3 Ng4 19. Re1 f5 20. g3 Nf6 
21. Qd1 Ne4 22. Bxe4 fxe4 23. Rf2 Qd6 24. Rc2 Rb7 25. Qe2 Qb6 
26. Rec1 Rc7 27. Kg2 Rfc8 28. Qd2 h6 29. Kf2 a5 30. Ke3 Qc6 
31. Qe2 Qc4 32. Qxc4 bxc4 33. a4 Rf7 34. Rb1 Rb8 35. Rg2 Kh7 
36. Rf2 Kg6 37. Kd2 Rfb7 38. Kc2 Kf5 39. Re2 Kg4 40. Re3 g5 
41. Ree1 Rf8 42. Rg1 Kh5 43. Rg2 gxf4 44. gxf4 Rxf4 45. Re2 Rbf7 
46. b4 cxb3+ 47. Rxb3 Rf2 48. Kd2 Rxe2+ 49. Kxe2 Kg4 50. Rb5 Rc7 
51. Rc5 Ra7 52. Rc6 Kf5 53. Rc5 Kf4 54. Rc8 Rf7 55. Rg8 h5 
56. Rg6 Re7 57. Rg8 h4 58. h3 Rh7 59. Rg6 Kf5 60. Rg4 Rh5 
61. Ke3 Kf6 1/2-1/2

[Event "DM G7 grp1 2024"]
[Site "Svendborg"]
[Date "2024.04.01"]
[Round "7"]
[White "Loveid, Erik"]
[Black "Paludan, Noah"]
[Result "1-0"]
[WhiteElo "1975"]
[BlackElo "1922"]
[WhiteFideId "1520067"]
[BlackFideId "1474987"]
[PlyCount "81"]
[EventDate "2024.04.26"]
[EventType "swiss"]
[EventRounds "7"]
[EventCountry "DEN"]
[SourceTitle "Live v. Kasper Jerwiarz"]

1. Nf3 Nf6 2. d4 g6 3. Bf4 Bg7 4. e3 O-O 5. Be2 d6 
6. h3 Nbd7 7. O-O b6 8. Nbd2 Bb7 9. c3 Re8 10. a4 a6 
11. Qc2 e5 12. dxe5 dxe5 13. Bh2 e4 14. Nd4 c5 15. N4b3 Rc8 
16. Rfd1 Qe7 17. Nc4 Red8 18. Nd6 Nf8 19. Nxc8 Rxc8 20. Nd2 h5 
21. Nc4 Rc6 22. Nd6 g5 23. Nxb7 Qxb7 24. Be5 N8d7 25. Bxf6 Nxf6 
26. Rd8+ Kh7 27. Rad1 Re6 28. Bc4 Re5 29. Qe2 g4 30. Bxa6 Qe7 
31. h4 g3 32. fxg3 Bh6 33. Bc8 Qc7 34. Qf2 Kg7 35. R1d6 Qe7 
36. Bh3 c4 37. Rxf6 Qxd8 38. Rxh6 Qd1+ 39. Kh2 Kxh6 40. Qf4+ Kh7 
41. Qxe5 1-0

[Event "DM G7 grp1 2024"]
[Site "Svendborg"]
[Date "2024.04.01"]
[Round "7"]
[White "Haarh, Simon Bjork"]
[Black "Leonhardsen, Vebjorn Maanum"]
[Result "1/2-1/2"]
[WhiteElo "2003"]
[BlackElo "1950"]
[WhiteFideId "1470515"]
[BlackFideId "1539515"]
[PlyCount "35"]
[EventDate "2024.04.26"]
[EventType "swiss"]
[EventRounds "7"]
[EventCountry "DEN"]
[SourceTitle "Live v. Kasper Jerwiarz"]

1. e4 c6 2. d4 d5 3. e5 c5 4. dxc5 e6 5. b4 a5 
6. c3 axb4 7. cxb4 b6 8. Nf3 bxc5 9. Bb5+ Bd7 10. Bxd7+ Qxd7 
11. bxc5 Bxc5 12. O-O Ne7 13. a4 O-O 14. Nc3 Ng6 15. Qe2 Nc6 
16. Nb5 Na7 17. Nc3 Nc6 18. Nb5 1/2-1/2

[Event "DM G7 grp1 2024"]
[Site "Svendborg"]
[Date "2024.04.01"]
[Round "7"]
[White "Hollesen, Kurt"]
[Black "Poulsen, Peter Risgaard"]
[Result "1-0"]
[WhiteElo "1947"]
[BlackElo "1927"]
[WhiteFideId "1406817"]
[BlackFideId "1407333"]
[PlyCount "73"]
[EventDate "2024.04.26"]
[EventType "swiss"]
[EventRounds "7"]
[EventCountry "DEN"]
[SourceTitle "Live v. Kasper Jerwiarz"]

1. c4 f5 2. Nc3 e5 3. g3 Nf6 4. Bg2 g6 5. d3 d6 
6. Bg5 c6 7. Qd2 h6 8. Bxf6 Qxf6 9. e3 Bg7 10. Nge2 O-O 
11. O-O Be6 12. Rab1 Nd7 13. b3 Rad8 14. d4 e4 15. d5 Bf7 
16. f3 exf3 17. Bxf3 Ne5 18. Bg2 Qe7 19. e4 fxe4 20. Bxe4 Rde8 
21. Rbe1 Qc7 22. h3 Qd7 23. Kg2 c5 24. Nf4 g5 25. Ne6 Rxe6 
26. dxe6 Bxe6 27. Bd5 Rxf1 28. Rxf1 Kh8 29. Bxe6 Qxe6 30. Qd5 Qg6 
31. Ne4 Nc6 32. Nxd6 Nd4 33. Nf5 b6 34. Ne7 Qe8 35. Qf7 Qa8+ 
36. Nd5 b5 37. Re1 1-0

[Event "DM G7 grp1 2024"]
[Site "Svendborg"]
[Date "2024.04.01"]
[Round "7"]
[White "Bekmukhanov, Sauran"]
[Black "Ambirk, Jan"]
[Result "0-1"]
[WhiteElo "1862"]
[BlackElo "1829"]
[WhiteFideId "1472844"]
[BlackFideId "1428403"]
[PlyCount "66"]
[EventDate "2024.04.26"]
[EventType "swiss"]
[EventRounds "7"]
[EventCountry "DEN"]
[SourceTitle "Live v. Kasper Jerwiarz"]

1. e4 e5 2. Nf3 Nf6 3. Bc4 Nxe4 4. Qe2 d5 5. Nxe5 Be6 
6. O-O Bc5 7. Bb3 O-O 8. d3 Qf6 9. Nf3 Nd6 10. Nc3 c6 
11. h3 Nf5 12. Bg5 Qg6 13. h4 h6 14. Ne5 Qh7 15. Bf4 Nxh4 
16. Na4 Bd4 17. c3 Bxe5 18. Bxe5 Nd7 19. d4 Qg6 20. f4 b5 
21. Nc5 Nxc5 22. dxc5 Rfe8 23. Rf2 Bg4 24. Qf1 Nf5 25. Bc2 Qh5 
26. Qd3 Qg6 27. Rc1 Re6 28. a4 a6 29. b4 Rae8 30. Qd2 Qh5 
31. Bd1 Ng3 32. Rf3 Qh1+ 33. Kf2 Ne4+ 0-1

[Event "DM G7 grp1 2024"]
[Site "Svendborg"]
[Date "2024.04.01"]
[Round "7"]
[White "Ramsdal, Mikkel"]
[Black "Ringsmose, Christian"]
[Result "0-1"]
[WhiteElo "1882"]
[BlackElo "1980"]
[WhiteFideId "1438484"]
[BlackFideId "1451669"]
[PlyCount "70"]
[EventDate "2024.04.26"]
[EventType "swiss"]
[EventRounds "7"]
[EventCountry "DEN"]
[SourceTitle "Live v. Kasper Jerwiarz"]

1. d4 d5 2. c4 e6 3. Nf3 Nf6 4. g3 dxc4 5. Qa4+ Bd7 
6. Qxc4 c5 7. Bg2 Nc6 8. O-O b5 9. Qd3 c4 10. Qc2 Rc8 
11. Bf4 Be7 12. Nbd2 Nd5 13. Rac1 O-O 14. Rfd1 Ncb4 15. Qb1 c3 
16. bxc3 Nxc3 17. Rxc3 Rxc3 18. Ne4 Nd5 19. Nfg5 f5 20. Nc5 Rxc5 
21. dxc5 Bxg5 22. Bxg5 Qxg5 23. Bxd5 exd5 24. Rxd5 Bc6 25. Rd6 Be4 
26. Qb3+ Kh8 27. f4 Qh5 28. Qe3 Qf7 29. c6 Qc4 30. Qxa7 Qxe2 
31. Qf2 Qc4 32. Qa7 Qc2 33. Kf1 Bd3+ 34. Kg1 Qd1+ 35. Kg2 Qf1# 
0-1